| 000 | 01008cam a2200277 4500 | ||
|---|---|---|---|
| 001 | WB3546-44 | ||
| 008 | 000000n1999 000 0 eng u | ||
| 035 | _a(Sirsi) u102849 | ||
| 245 | _aBusiness rates | ||
| 260 | _c1999 | ||
| 490 |
_aEstates Gazette Case Summaries _v(1999) EGCS 131 |
||
| 520 | _a"R v Huelin (VO) ex parte Murphy Ltd; R v Hidgetts (VO) ex parte Nationwide Building Society" CA 1 November 1999. Two decisions on applications for transitional certificates after a reassessment of rateable values. | ||
| 590 | _aWB | ||
| 650 | 0 | _aR V HUELIN (VO) EX P MURPHY LTD | |
| 650 | 0 | _aR V HODGETTS (VO) EX P NATIONWIDE BUILDING SOCIETY | |
| 650 | _aRATEABLE VALUES | ||
| 650 | 0 | _aTRANSITIONAL CERTIFICATES | |
| 650 | 0 | _aNON-DOMESTIC RATING (TRANSITIONAL PERIOD) REGULATIONS 1990 | |
| 650 | _aTRANSITIONAL RELIEF | ||
| 650 | _aRATING LIST | ||
| 650 | _aALTERATION | ||
| 650 | _aRATING ASSESSMENTS | ||
| 650 | _aREDUCTION | ||
| 690 | _aRATING AND VALUATION-CASE LAW | ||
| 942 | _n0 | ||
| 999 |
_c61817 _d61817 |
||